<?xml version="1.0" encoding="UTF-8"?>
<record
    xmlns:xsi="http://www.w3.org/2001/XMLSchema-instance"
    xsi:schemaLocation="http://www.loc.gov/MARC21/slim http://www.loc.gov/standards/marcxml/schema/MARC21slim.xsd"
    xmlns="http://www.loc.gov/MARC21/slim">

  <leader>01256nam a2200217 a 4500</leader>
  <controlfield tag="001">BRCA_9083</controlfield>
  <controlfield tag="005">20190320210521.0</controlfield>
  <controlfield tag="008">110917s1792----sp-#######---#000-0#spa-#</controlfield>
  <datafield tag="041" ind1=" " ind2=" ">
    <subfield code="a">spa</subfield>
  </datafield>
  <datafield tag="044" ind1=" " ind2=" ">
    <subfield code="a">sp</subfield>
  </datafield>
  <datafield tag="084" ind1=" " ind2=" ">
    <subfield code="a">BE66</subfield>
    <subfield code="b">.B83 1792</subfield>
  </datafield>
  <datafield tag="100" ind1="1" ind2=" ">
    <subfield code="a">Buchan, Guillermo</subfield>
    <subfield code="9">22255</subfield>
  </datafield>
  <datafield tag="245" ind1="1" ind2="0">
    <subfield code="a">Farmacopedia y tabla general de las materias contenidas en la medicina domestica del celebre Buchan, M. D. del real colegio Medico de Edimburgo</subfield>
    <subfield code="b">con la explicaci&#xF3;n de los t&#xE9;rminos temnicos o facultativos usados en ella, y la descripci&#xF3;n y preparaci&#xF3;n de los remedios compuestos que van mencionados, con otra caracter&#xED;stica de todas las plantas y medicinas simples: recetas de la Farmacopeas de Londres y Edimburgo, y otras de igual naturaleza, &#xE1; que se agrega un especial tratado de aguas minerales con su an&#xE1;lisis : observaciones sobre la dosis, usos y  modos de aplicarlos en las diferentes preparaciones; todo por orden alfab&#xE9;tico: tomo v.</subfield>
  </datafield>
  <datafield tag="260" ind1=" " ind2=" ">
    <subfield code="a">Madrid</subfield>
    <subfield code="b">En la Imprenta Real</subfield>
    <subfield code="c">1792</subfield>
  </datafield>
  <datafield tag="300" ind1=" " ind2=" ">
    <subfield code="a">419 p. (t.5)</subfield>
    <subfield code="c">22.3 x 16 cm</subfield>
  </datafield>
  <datafield tag="500" ind1=" " ind2=" ">
    <subfield code="a">Con licencia</subfield>
  </datafield>
  <datafield tag="500" ind1=" " ind2=" ">
    <subfield code="a">Estado f&#xED;sico: presenta encuadernaci&#xF3;n en pergamino con cintas rotas</subfield>
  </datafield>
  <datafield tag="650" ind1="1" ind2="4">
    <subfield code="a">Medicina preventiva</subfield>
    <subfield code="y">Obras anteriores a 1800</subfield>
    <subfield code="9">22450</subfield>
  </datafield>
  <datafield tag="902" ind1=" " ind2=" ">
    <subfield code="a">CFM</subfield>
  </datafield>
  <datafield tag="942" ind1=" " ind2=" ">
    <subfield code="2">lcc</subfield>
    <subfield code="c">B</subfield>
  </datafield>
  <datafield tag="999" ind1=" " ind2=" ">
    <subfield code="c">8733</subfield>
    <subfield code="d">8733</subfield>
  </datafield>
  <datafield tag="952" ind1=" " ind2=" ">
    <subfield code="0">0</subfield>
    <subfield code="1">0</subfield>
    <subfield code="4">0</subfield>
    <subfield code="7">0</subfield>
    <subfield code="a">BRCA</subfield>
    <subfield code="b">BRCA</subfield>
    <subfield code="d">2017-09-11</subfield>
    <subfield code="l">0</subfield>
    <subfield code="o">BE66 .B83 1792</subfield>
    <subfield code="p">CFM00439</subfield>
    <subfield code="r">2019-03-22 00:00:00</subfield>
    <subfield code="w">2019-03-22</subfield>
    <subfield code="y">B</subfield>
  </datafield>
</record>
